Movie Decoder #1 - Statistics

General Stats
  • This quiz has been taken 970 times
  • The average score is 15 of 23
Answer Stats
Clue Answer % Correct
C Time of year that Kevin was left "Home Alone" Christmas
96%
H Region of California synonymous with the U.S. film industry Hollywood
95%
N Peter Pan's home in the Disney classic Neverland
94%
O "____ Upon a Time in Mexico", action film directed by Robert Rodriguez Once
94%
T Actor famous for his roles in "Grease" and "Pulp Fiction" Travolta, John
93%
R Canadian-born actor who featured in the "Deadpool" movies Reynolds, Ryan
87%
E "The _______'_ New Groove", Disney movie from 2000 Emperor's
83%
S "______ Hollow", Tim Burton's gothic supernatural horror Sleepy
81%
O Jordan Peele's 2017 psychological horror, "Get ___" Out
80%
E Actor best known for playing Captain America Evans, Chris
76%
P Actor who played Tony Montana in "Scarface" Pacino, Al
75%
E "The Great ______", 1963 film starring Steve McQueen Escape
73%
A The profession of Ron Burgundy Anchorman
72%
L "An American Werewolf in ______", 1981 horror comedy London
71%
E "______ the Dragon", 1973 martial arts film starring Bruce Lee Enter
61%
"There's no place like home."
52%
M Actress who starred in "The Seven Year Itch" Monroe, Marilyn
49%
The Wizard of Oz
41%
K Michael B. Jordan's character in "Black Panther" Killmonger
40%
L Orangutan who sang 'I Wanna Be Like You' Louie
35%
I British actor and former member of the comedy group Monty Python Idle, Eric
30%
E Actor who voiced Chief Bogo in "Zootopia" and Shere Khan in the 2016 remake of "Jungle Book" Elba, Idris
27%
H Character who was the founder of InGen and the creator of Jurassic Park Hammond, John
23%
No matching quizzes found
Score Distribution
Percent of People with Each Score
Percentile by Number Answered
Your Score History
You have not taken this quiz